[Event "NED-ch"]
[Site "Amsterdam"]
[Date "2018.07.07"]
[Round "6"]
[White "Tiviakov, Sergei"]
[Black "Van Wely, Loek"]
[Result "1-0"]
[WhiteElo "2583"]
[BlackElo "2674"]
[Annotator "Tiviakov,S"]
[PlyCount "75"]
[EventDate "2018.07.02"]
[EventType "tourn"]
[EventRounds "7"]
[EventCountry "NED"]
[EventCategory "14"]
[SourceTitle "CBM 185"]
[Source "ChessBase"]
[SourceDate "2018.07.13"]
[SourceVersion "1"]
[SourceVersionDate "2018.07.13"]
[SourceQuality "1"]

{This game was played in the 6th (penultimate) round of the Dutch championship.
The win in this game allowed me to take a 1.5 points lead going into the last
round. So thanks to the win in this game I became Dutch champion for the 3rd
time in my life.} 1. e4 c5 2. c3 Nf6 3. e5 Nd5 4. Nf3 e6 5. Bc4 d6 6. d4 (6.
exd6 {is my main answer in this position. But I had already tried it once
before against Loek. Loek is one of the few players, who managed to survive in
that position.} Bxd6 7. d4 O-O 8. dxc5 Bxc5 9. O-O b6 10. Bg5 Nf6 11. Nbd2 Bb7
12. Qe2 Nbd7 13. Ba6 Qc8 14. Bxb7 Qxb7 15. Rad1 h6 16. Bh4 Rac8 17. Rfe1 Rfe8
18. Nc4 b5 19. Nce5 a6 20. Nxd7 Nxd7 21. Nd2 Nb6 22. Ne4 Nd5 23. Bg3 Qc6 24.
Nxc5 Qxc5 25. a3 a5 26. Be5 {½-½ Tiviakov,S-Van Wely,L/Rotterdam 2014 (26)})
6... cxd4 7. cxd4 Nb6 $6 {The text move is a clear mistake. Black moves the
knight away from the centre.} (7... Nc6 $1 {should be played with good chances
for equality.}) 8. Bd3 dxe5 9. dxe5 Na6 10. O-O Nc5 {Loek always goes for this
position, so I could easily prepare for it!} 11. Be2 $1 Qxd1 12. Rxd1 {The
ending which has arisen is better for White. No matter how Black/White plays,
Black has to be careful in order not to find himself in a much worse position.
White has space and a development advantage here.} Nd5 $5 ({In the hotel
before the game most of the time was spent looking at the developing lines with
} 12... Be7 13. Nc3 Bd7 14. Be3 $14) ({and} 12... Bd7 13. Nc3 $14) 13. Bc4 {
I remember seeing a game with 13.Bc4 when preparing.} (13. Bd2 $5 Ne4 14. Nc3
Ndxc3 15. Bxc3 Nxc3 16. bxc3 Bd7 17. Rab1 b6 18. Ng5 Bc6 19. Ne4 Ba3 20. Rb3
Ke7 21. f3 Bxe4 22. Rxa3 Bb7 23. Ra4 Bd5 24. Kf2 Rhc8 25. c4 Bc6 26. Ra3 Rc7
27. f4 Be4 28. g4 Rd8 29. Rxd8 Kxd8 30. Ke3 Bg2 31. Rd3+ Ke7 32. Rd1 h6 33. h4
Bb7 34. Kd4 Rc8 35. Rd3 Bg2 36. g5 hxg5 37. hxg5 Rd8+ 38. Ke3 Rh8 39. Kf2 Be4
40. Re3 Rh2+ 41. Ke1 Rh1+ 42. Kd2 Bg6 43. Ra3 a5 44. c5 bxc5 45. Rxa5 Rh4 46.
Ra7+ Kd8 47. Ke3 Rh3+ 48. Kf2 Rh2+ 49. Kf1 Rh4 50. Ra8+ Kc7 51. Ra4 Rh2 52. Ke1
Kb7 53. Rc4 Kc6 54. Ra4 Kb6 55. Bf1 Rb2 56. a3 Rh2 57. Be2 Kc6 58. Bc4 Bf5 59.
Ra6+ Kb7 60. Ra4 Be4 61. Ra5 Rh4 62. Kf2 Bc6 63. Kg3 Rh1 64. a4 Rc1 65. Bb5
Rc3+ 66. Kg4 Be4 67. Bf1 Rc1 68. Be2 c4 69. Rb5+ Kc6 70. Kg3 c3 71. Rb4 Kd5 72.
Rb5+ Kd4 73. Kf2 c2 74. Rb4+ Kd5 75. Rb5+ Kc6 76. Rb8 Kc7 77. Rb4 Bd5 78. Bd3
Rf1+ 79. Kxf1 c1=Q+ 80. Ke2 Qg1 81. g6 fxg6 82. Bb5 Kb6 83. Bc4+ Kc5 84. Bxd5
Qh2+ 85. Ke3 Kxb4 86. Be4 Qg1+ 87. Kd3 Qg3+ 88. Ke2 Qxf4 89. Bg2 Qxe5+ 90. Kf1
g5 91. Ba8 g4 92. Kg2 Kxa4 {0-1 Shredder 10 w32 1CPU-Gambit Fruit 1.0 Beta 4bx/
CEGT Blitz 40/4 (2Ghz) 2006/Computer & Internet 2011 (92)}) ({Objectively} 13.
Nd4 $5 $14 {can be the strongest move in the position preparing Bf3. E.g.} Bd7
14. Bf3 Na4 (14... Rc8 15. Bxd5 exd5 16. Nc3 Bg4 17. Nf3 f6 18. Be3 Ne4 19.
Nxd5 fxe5 20. Bxa7 Bxf3 21. gxf3 Ng5 22. Kg2 Bd6 23. Be3 Ne6 24. Nc3 Ke7 25.
Rd5 Ra8 26. a3 Rhd8 27. Rb5 Rdb8 28. Ne4 Bc7 29. Rc1 b6 30. Ng5 Rb7 31. Nxh7
Ra5 32. Rb4 Bd6 33. Rg4 Kf7 34. Ng5+ Nxg5 35. Rxg5 Rb5 36. b4 Be7 37. Rg4 Ra7
38. Rc3 Bf6 39. Rgc4 Ra8 40. Rd3 Kg6 41. Rc6 Ra6 42. Rdd6 Rxa3 43. Rxb6 Rxb6
44. Rxb6 Kf5 45. Rb7 g6 46. b5 Rb3 47. b6 Bg5 48. Bxg5 Kxg5 49. Rb8 Kf6 50. b7
Kg7 51. Kf1 Rb2 52. Ke1 Kh7 53. Kd1 Kg7 54. Kc1 Rb6 55. Kc2 Rb5 56. Kd3 Rb3+
57. Kc4 Rb1 58. Kd5 Rd1+ 59. Kxe5 Re1+ 60. Kd4 Rb1 61. f4 Rb2 62. Kd5 Rd2+ 63.
Kc4 Rb2 64. f5 gxf5 65. f4 Kh7 66. h4 Rb1 67. h5 Kg7 68. h6+ Kh7 69. Kd5 Kg6
70. Rg8+ Kxh6 71. b8=Q Rxb8 72. Rxb8 Kh5 73. Ke5 Kh4 74. Rb3 Kg4 75. Rc3 Kh5
76. Kxf5 Kh4 77. Rb3 Kh5 78. Rh3# {1-0 Andromede33,R-H Calico H,F/15m + 0s,
rated 2008/Computer & Internet 2011 (78)}) (14... Bc6 15. Na3 Be7 16. Nxc6 bxc6
17. Be3 O-O 18. Rac1 Nxe3 19. fxe3 Rad8 20. Rxd8 Rxd8 21. Nc4 Nd3 22. Rd1 Nb4
23. a3 Rxd1+ 24. Bxd1 Nd5 25. Kf2 c5 26. Bf3 Nb6 27. Nxb6 axb6 28. Bc6 Bd8 29.
Kf3 Bc7 30. Ke4 Kf8 31. h3 Ke7 32. g4 h6 33. b3 Bb8 34. Bb5 Bc7 35. Bc6 Bb8 36.
Bb5 Bc7 37. Bc6 Bb8 38. Bb5 Bc7 {½-½ Sedina,E-Zozulia,A/Warsaw 2013/EXT 2014
(38)}) 15. b3 Nab6 16. Bb2 Rc8 17. Nd2 Be7 18. Ne4 a5 19. Rab1 O-O 20. Nd6 Bxd6
21. exd6 f6 22. Rbc1 Rfd8 23. Rxc8 Nxc8 24. g3 Ncb6 25. Ba3 Nc3 26. Rc1 Nbd5
27. Rc2 b6 28. Kg2 Rc8 29. Bb2 Kf7 30. a3 e5 31. Ne2 e4 32. Nxc3 exf3+ 33. Kxf3
Rc6 34. h4 Kg6 35. b4 axb4 36. axb4 h5 37. b5 Rxd6 38. Rd2 Bg4+ 39. Ke4 Bf5+
40. Kf3 Bg4+ 41. Ke4 Bf5+ 42. Kf3 Bg4+ {½-½ Anclado,R-DONETSK,R/3m + 0s,
rated 2007/Computer & Internet 2011 (42)}) (13. Nc3 Nxc3 14. bxc3 Bd7 15. Rb1
Be7 16. Be3 b6 17. Nd4 O-O 18. Nb5 Bxb5 19. Bxb5 Rfd8 20. f3 Rac8 21. Rxd8+ {
½-½ Orehek,S-Kolaric,S/Ljubljana 2011/Inforbase Yearbook 2012 (21)}) 13...
Nb6 14. Bb5+ ({I could have made a draw by} 14. Be2 Nd5 15. Bc4 Nb6 {1/2-1/2
Zhitnikov Konstantin (RUS)-Korneev Oleg (ESP)/Voronezh (Russia) 2018 (15). But,
of course, not!!}) 14... Bd7 15. Nc3 a6 (15... Rc8 16. Be3 Bxb5 (16... a6 17.
Be2 Nba4 18. Nxa4 Bxa4 19. Rdc1 Bd7 20. b4 Na4 21. Rxc8+ Bxc8 22. Rc1 Bd7 23.
Rc7 Bc6 24. Ng5 Be7 25. Rc8+ {1-0 Deepcrazy-pandorA/Internet Chess Club 2007/
Computer & Internet 2011 (25)}) 17. Nxb5 a6 18. Nd6+ Bxd6 19. exd6 Ncd7 20.
Rac1 Rb8 21. Bd4 f6 22. Bxb6 Nxb6 23. Rc7 Nd7 24. Nd4 e5 25. Ne6 Rg8 26. f4 e4
27. Kf2 g6 28. Rg1 b5 29. Ke3 Rb6 30. Rd1 b4 31. Kxe4 g5 32. g4 gxf4 33. Kxf4
h6 34. h3 h5 35. gxh5 Rb5 36. h6 Rg6 37. h7 Rh6 38. Ng7+ Kd8 39. Rdc1 {1-0
Otto der erste Rybka 2.1c 32--TELEMANN88 Fritz 9/3m + 0s, rated 2006/Computer
& Internet 2011 (39)}) 16. Be2 $14 Nba4 (16... Nca4 17. Ne4 Nd5 18. Rd4 (18.
Nd4 Nc5 (18... Rc8 19. Bf3 Nc5 20. Nd6+ Bxd6 21. exd6 Bc6 22. b3 Kd7 23. Bb2 f6
24. Ba3 b6 25. Rac1 Bb7 26. g3 Rhe8 27. Bg2 g6 28. Nf3 a5 29. Bf1 Bc6 30. Bxc5
bxc5 31. Rxc5 a4 32. Nd4 Kxd6 33. Rxc6+ Rxc6 34. Nxc6 Kxc6 35. bxa4 Ra8 36.
Bb5+ Kd6 37. Rc1 Ne7 38. Kf1 g5 39. h3 h5 40. Ke2 g4 41. h4 f5 42. Kd3 e5 43.
Rc4 Ke6 44. a3 Nc8 45. Rc6+ Nd6 46. Bc4+ Ke7 47. Bb3 Ra5 48. Rc7+ Kf6 49. Kc3
Ra8 50. Rc6 Ke7 51. Bc2 f4 52. Rc5 fxg3 53. fxg3 Ke6 54. a5 Ra7 55. Bb3+ Kf6
56. Rc6 Ke7 57. a6 Kd7 58. Ba4 Ke7 59. Kb4 e4 60. Bd1 {1-0 Fritsche,F-Hoegerl,
F/DESC email 2006/Corr 2008 (60)}) 19. Bf3 Nxe4 20. Bxe4 Rc8 21. Rd3 g6 22. Bd2
Bg7 23. f4 O-O 24. g4 Rfd8 25. Rd1 Rc4 26. Kf2 Ra4 27. a3 Rc4 28. b3 Rc5 29. h4
Rdc8 30. h5 g5 31. h6 Bxh6 32. f5 Bg7 33. f6 Bf8 34. Rh1 h6 35. Bxg5 Bc6 36.
Nxc6 R5xc6 37. Rdh3 Rc3 38. Rh4 Rxb3 39. Bxh6 Rb2+ 40. Bd2 Rxd2+ 41. Ke1 Rc1+
42. Kxd2 Rxh1 43. Rxh1 Nb6 44. Bh7+ Kh8 45. Bd3+ Kg8 46. a4 Bb4+ 47. Kc2 Bc5
48. Bh7+ Kf8 49. g5 Nxa4 50. Bf5 Ke8 51. Bxe6 Nb6 52. Rh7 {1-0 Takker Rybka 2.
3.1 mp-MBChess Rybka 2.3.1 mp 32-b/5m + 0s, rated 2007/Computer & Internet
2011 (52)}) 18... Rc8 19. Bc4 Nb4 20. Bb3 Nc2 21. Bxc2 Rxc2 22. Rb1 Bb5 23.
Nd6+ Bxd6 24. exd6 Rg8 25. Rh4 Kd7 26. Nd4 Rc4 27. Rf4 f6 28. Bd2 e5 29. b3 Nc3
30. Bxc3 Rxc3 31. Nxb5 axb5 32. Rh4 h6 33. Rb4 Rgc8 34. Kf1 R8c5 35. Rb2 Rd5
36. Ke2 Kxd6 37. Rd2 Rxd2+ 38. Kxd2 Rc5 39. a3 Rd5+ 40. Ke3 Kc5 41. Rg4 Rd7 42.
f3 g5 43. Rg3 f5 44. Rh3 Rd6 45. g4 fxg4 46. fxg4 Kd5 47. Ke2 Ra6 48. Rd3+ Ke4
49. b4 Kf4 50. Rf3+ Kxg4 51. Rg3+ Kf5 52. Rf3+ Ke6 53. Rh3 Kf7 54. Re3 Kf6 55.
Rf3+ Ke7 56. Re3 h5 57. Rxe5+ Re6 58. Re3 Kd6 59. h3 Rxe3+ 60. Kxe3 Ke5 {
0-1 Cindy1 Rybka 2.1c 32-bit (-Mr vegas Rybka 2.1o mp/Rated game, 3m + 0s 2006/
Computer & Internet 2011 (60)}) 17. Nxa4 Bxa4 18. b3 Bc6 ({After} 18... Bb5 {
White has a pleasant choice! Both with advantage.} 19. Bxb5+ (19. Kf1 $14)
19... axb5 20. Nd4 b4 21. Nb5 $14) 19. Bb2 {Interesting moment of the game.
Here I spent lot of time, since I had to make a choice where to develop the
bishop - to e3 or b2. Finally I decided to defend the pawn on e5 and control
the c3-square. The drawback of the bishop on b2 is that it cannot attack the
knight on c5. The choice is difficult when it is equal. Both lines are good
for White.} (19. Nd4 Bd5 20. Be3 Nd7 21. f4 $14 (21. Bf3 Bxf3 22. Nxf3 $14)
21... Ba3 22. Nc2 Bb2 23. Rab1 Bc3 24. Bf2 Be4 25. Bd3 Bxd3 26. Rxd3 Ba5 27.
Rbd1 O-O-O 28. Nd4 h6 29. b4 Bb6 30. a4 Nf8 31. b5 a5 32. Rg3 Bxd4 33. Rxd4 Ng6
34. Rc4+ Kb8 35. Bc5 {1-0 Ruefenacht,M-Teichmann,C/ICCF email 2007/Corr 2011 
(35)}) (19. Be3 Bd5 (19... Nd7 20. Nd4 Be4 21. f3 (21. Bf3 Bxf3 22. Nxf3 $14)
21... Bd5 22. f4 $14) 20. Ne1 $14) 19... Be7 ({Or} 19... Bd5 20. Nd2 Be7 21.
Nc4 $14 {with an advantage. After the text move White can force the bishop to
g6 where it is cut off from the queenside. Later White managed to win because
of the cut-off bishop on g6.}) 20. Nd4 Be4 (20... Bd5 {is answered by} 21. Nf5
$14) 21. f3 Bg6 {Another critical moment of the game. Here I had to think a
lot how to continue. Again I had a choice. Choosing a solid continuation or a
risky aggressive one like in the game.} 22. a4 $5 ({both} 22. Rac1 O-O 23. f4
$14 (23. Kf2 Rfd8)) ({and} 22. f4 $14 {were good alternatives to the text.})
22... Rd8 23. b4 ({It was tempting to play} 23. a5 {Unfortunately, after} f6 $1
(23... Nd7 24. Rac1 $14) (23... O-O 24. b4 Nd7 25. b5 axb5 26. Nxb5 Nc5 27. Nd6
$14) 24. exf6 gxf6 $11 {Black can equalise.} (24... Bxf6 25. Bc4 $14)) 23...
Nd7 24. b5 a5 $8 {The only move.} 25. Bc3 $5 (25. Rac1 Nb6 26. Nb3 Nxa4 27. Bd4
$14) (25. Rdc1 $1 {is the strongest move in the position. But the strongest
moves often do not bring the quickest results. Already beginning active play
on move 22 I saw a trap and a very beautiful exchange and rook sacrifice which
happened later in the game. I was hoping that Loek would play 25...Bb4 and it
later happened!} Bc5 (25... Nc5 26. Ba3 Rd5 27. b6 $16 (27. f4 $14)) 26. Kf1
Bb6 27. Nb3 $14) 25... Bb4 $2 ({Loek falls into the trap!} 25... Nc5 $1 {
is the best move, although after} 26. Kf1 $14 {White is still slightly better.}
(26. f4 b6 $11) (26. Ra2 Ra8 27. b6 O-O 28. Nb5 $14) (26. Bxa5 $6 Rxd4 27. Rxd4
Nb3)) (25... Ra8 {is the most natural move, but Loek didn't want to move the
rook away from the centre. After} 26. Be1 Nb6 27. Bf2 $14 {White is better as
well.} (27. Rdc1 $14)) 26. Bxb4 axb4 27. a5 $18 {Now White is winning in all
lines. Of course, it is obvious with the help of the computer. But during the
game I had to calculate a lot and see many sharp variations. Luckily, I was
very precise with my calculations.} b3 (27... Nxe5 28. a6 bxa6 29. bxa6 $18) (
27... O-O 28. a6 $18) 28. Nxb3 $1 (28. Rd2 Nxe5 (28... Nc5 29. a6 bxa6 30. bxa6
Rxd4 31. Rxd4 b2 32. Re1 b1=Q 33. Rxb1 Bxb1 34. Rc4 $18) 29. Nxb3 Rxd2 30. Nxd2
Ke7 31. Rc1 $16 (31. Kf2 $16)) 28... Bc2 29. Rxd7 $1 Rxd7 $6 (29... Kxd7 $8 {
is better than the text although White wins after} 30. Nc5+ Kc7 31. Rc1 Rd2 32.
Kf2 Kb8 33. Ke1 Rhd8 34. f4 $18 {followed by Bf3, winning the pawn b7.}) 30.
Nc5 {All moves from 26 until incl. this one were played a tempo. Only now my
opponent realised that the planned 30...Rc7 is met by 31.Nxb7 and White
promotes one of his pawns, winning the rook back.} Rd5 (30... Rc7 31. Nxb7 $1 (
31. a6 $16) 31... Rxb7 32. a6 Rb8 33. a7 Ke7 (33... Ra8 34. b6 Bb3 35. Bb5+ Ke7
36. Rc1 Bd5 37. Rc7+ Kf8 38. Bc4 $18) 34. axb8=Q Rxb8 35. Ra7+ $18) 31. Nxb7
Rxe5 32. Kf2 {Now Black has not a single chance to save the game. White passed
pawns on the queen's side are too powerful and far advanced. The rook on e5
and bishop on c2 are out of play and cannot return even to try to stop the
pawns.} Bb3 (32... Kd7 33. a6 Bb3 34. b6 $18 (34. Na5 Bd5 35. b6 $18)) 33. Rc1
(33. a6 $18) 33... Ke7 34. a6 Ra8 35. Rc7+ Kf6 36. Nd6 (36. Nc5 Rxe2+ 37. Kxe2
Bc4+ 38. Ke3 Bxb5 39. Ne4+ Kg6 40. a7 $18) 36... Rd5 37. Ne4+ Kg6 38. b6 {
I am very happy with this game which demonstrated good positional play by
White followed by deep tactical calculations and a positional exchange
sacrifice in the ending!} 1-0

[Event "Corus-B"]
[Site "Wijk aan Zee"]
[Date "2004.01.15"]
[Round "5"]
[White "Tiviakov, Sergei"]
[Black "Granda Zuniga, Julio E"]
[Result "0-1"]
[WhiteElo "2600"]
[BlackElo "2581"]
[Annotator "Tiviakov,S"]
[PlyCount "108"]
[EventDate "2004.01.10"]
[EventType "tourn"]
[EventRounds "13"]
[EventCountry "NED"]
[EventCategory "13"]
[SourceTitle "CBM 099"]
[Source "ChessBase"]
[SourceDate "2004.03.30"]
[SourceVersion "1"]
[SourceVersionDate "2004.03.30"]
[SourceQuality "1"]

1. e4 c5 2. Nf3 e6 3. c3 Nf6 4. e5 Nd5 5. Bc4 b6 6. d4 Bb7 7. dxc5 bxc5 8. O-O
Be7 9. Nbd2 f5 10. exf6 gxf6 11. Ne4 O-O 12. Bh6 Rf7 13. Re1 Nb6 14. Bf1 Nc6
15. Nd6 Bxd6 16. Qxd6 Qe7 17. Qc7 d6 18. Qxe7 Rxe7 19. a4 a5 20. Nd2 Kf7 21.
Ne4 Rd8 22. Rad1 Red7 23. Bb5 e5 24. f4 f5 25. fxe5 fxe4 26. Rf1+ Ke7 27. Bg5+
Ke6 28. Rf6+ $2 {(+)} (28. Be2 $1 d5 (28... h5 29. Bxh5 d5 30. Bg4+ Kxe5 31.
Bf4+ Kf6 32. Bc7+ Kg5 33. Rf5+ Kg6 34. Bxb6 $18) 29. Rf6+ (29. Bg4+ Kxe5 30.
Bf4+ Kf6 31. Bc7+ Kg5 32. Bxd7 Rxd7 33. Bxb6 $18) 29... Kxe5 30. Rdf1 Ne7 (
30... Nd4 31. cxd4+ Kxd4 32. Rxb6 $18) 31. Rxb6 $18) 28... Kxe5 29. Rdf1 Ne7 $2
(29... e3 30. R6f5+ Ke6 31. Rf6+ Kd5 32. R6f5+ Ke6 $11 (32... Ne5 33. Rd1+ Ke6
34. Rf6+ Ke7 35. Rdf1 $18)) 30. Bh4 $2 (30. Rh6 $1 Ng6 (30... Nbd5 31. Rh5 Ke6
32. Be2 Nf5 33. Bg4 $18 (33. Bxd8 $18)) 31. Rh5 Ke6 32. Rf6+ Kd5 33. Bf4+ Ne5
34. Bxe5 dxe5 35. Rxb6 $16) 30... Rg8 31. Bxd7 Nxd7 32. Rf7 Ng6 33. Bg5 $2 (33.
Rxd7 Nxh4 34. Rxb7 Rxg2+ 35. Kh1 Rd2 $15 {_|_}) 33... Ke6 34. Rxh7 Nge5 $17 35.
h4 Ba6 36. Rh6+ Kd5 37. Rf5 Bd3 38. Be7 e3 39. Rxd6+ Ke4 40. Rg5 Re8 41. Rg7
Be2 42. Bg5 Bg4 43. Bxe3 Kxe3 44. Ra6 $2 (44. Rxg4 Nxg4 45. Rxd7 $19) 44... Rb8
45. Rxa5 Rxb2 46. Kh2 Kf4 47. Rb5 Ra2 48. Rb1 Nf3+ 49. Kh1 Nde5 50. h5 Kg3 51.
Rgb7 Rxg2 52. R7b2 Bh3 53. h6 Nc4 54. h7 Nxb2 0-1